| 000 | nam a22 a 4500 | ||
|---|---|---|---|
| 999 |
_c3318 _d3318 |
||
| 003 | AKMAL | ||
| 005 | 20170522113504.0 | ||
| 008 | 170522t19981993nju 00 eng d | ||
| 020 |
_a0130422762 _cRM 340.85 |
||
| 040 | _aAKMAL | ||
| 082 | 0 | 4 | _a658.403 SPR |
| 090 | 2 | 0 |
_a658.403 _bSPR |
| 100 | 1 |
_aMcNurlin, Barbara C. _96743 |
|
| 245 | 1 | 0 |
_aInformation systems management in practice / _cBarbara C. McNurlin, Ralph H. Sprague |
| 250 | _a3th ed. | ||
| 260 |
_aNew Jersey : _bPrentice Hall, _c1993 (1998 printing) |
||
| 300 | 0 | 0 |
_axxi, 554p. : _bill. ; _c24cm |
| 500 | _aIncludes bibliographical references and index | ||
| 650 | 0 |
_aManagement information systems _9729 |
|
| 650 | 0 |
_aInformation resources management _9871 |
|
| 700 | 1 |
_aSprague, Ralph H. _96744 |
|
| 942 |
_2ddc _cBOOK |
||